<?xml version="1.0" encoding="UTF-8"?><?xml-stylesheet type="text/xsl" href="static/style.xsl"?><OAI-PMH xmlns="http://www.openarchives.org/OAI/2.0/" xmlns:xsi="http://www.w3.org/2001/XMLSchema-instance" xsi:schemaLocation="http://www.openarchives.org/OAI/2.0/ http://www.openarchives.org/OAI/2.0/OAI-PMH.xsd"><responseDate>2026-04-13T07:38:41Z</responseDate><request verb="GetRecord" identifier="oai:www.recercat.cat:11351/14350" metadataPrefix="marc">https://recercat.cat/oai/request</request><GetRecord><record><header><identifier>oai:recercat.cat:11351/14350</identifier><datestamp>2026-03-20T15:50:36Z</datestamp><setSpec>com_2072_451669</setSpec><setSpec>com_2072_378040</setSpec><setSpec>col_2072_451670</setSpec></header><metadata><record xmlns="http://www.loc.gov/MARC21/slim" xmlns:dcterms="http://purl.org/dc/terms/" xmlns:xsi="http://www.w3.org/2001/XMLSchema-instance" xmlns:doc="http://www.lyncode.com/xoai" xsi:schemaLocation="http://www.loc.gov/MARC21/slim http://www.loc.gov/standards/marcxml/schema/MARC21slim.xsd">
   <leader>00925njm 22002777a 4500</leader>
   <datafield ind2=" " ind1=" " tag="042">
      <subfield code="a">dc</subfield>
   </datafield>
   <datafield ind2=" " ind1=" " tag="720">
      <subfield code="a">Verdaguer-Rodriguez, Marina</subfield>
      <subfield code="e">author</subfield>
   </datafield>
   <datafield ind2=" " ind1=" " tag="720">
      <subfield code="a">Comas Mateos, Josep Oriol</subfield>
      <subfield code="e">author</subfield>
   </datafield>
   <datafield ind2=" " ind1=" " tag="720">
      <subfield code="a">López Carrilero, Raquel</subfield>
      <subfield code="e">author</subfield>
   </datafield>
   <datafield ind2=" " ind1=" " tag="720">
      <subfield code="a">Díaz Cutraro, Luciana</subfield>
      <subfield code="e">author</subfield>
   </datafield>
   <datafield ind2=" " ind1=" " tag="720">
      <subfield code="a">Espinosa Lorenzo, Victoria</subfield>
      <subfield code="e">author</subfield>
   </datafield>
   <datafield ind2=" " ind1=" " tag="720">
      <subfield code="a">Ruiz Delgado, I.</subfield>
      <subfield code="e">author</subfield>
   </datafield>
   <datafield ind2=" " ind1=" " tag="720">
      <subfield code="a">Barrigon, Maria Luisa</subfield>
      <subfield code="e">author</subfield>
   </datafield>
   <datafield ind2=" " ind1=" " tag="720">
      <subfield code="a">Grasa, Eva</subfield>
      <subfield code="e">author</subfield>
   </datafield>
   <datafield ind2=" " ind1=" " tag="720">
      <subfield code="a">Pousa, Esther</subfield>
      <subfield code="e">author</subfield>
   </datafield>
   <datafield ind2=" " ind1=" " tag="720">
      <subfield code="a">González Higueras, Fermín</subfield>
      <subfield code="e">author</subfield>
   </datafield>
   <datafield ind2=" " ind1=" " tag="720">
      <subfield code="a">CID COLOM, JORDI</subfield>
      <subfield code="e">author</subfield>
   </datafield>
   <datafield ind2=" " ind1=" " tag="720">
      <subfield code="a">Lorente-Rovira, Esther</subfield>
      <subfield code="e">author</subfield>
   </datafield>
   <datafield ind2=" " ind1=" " tag="720">
      <subfield code="a">BARAJAS, ANA</subfield>
      <subfield code="e">author</subfield>
   </datafield>
   <datafield ind2=" " ind1=" " tag="260">
      <subfield code="c">2026-03-19T08:16:07Z</subfield>
   </datafield>
   <datafield ind2=" " ind1=" " tag="260">
      <subfield code="c">2026-03-19T08:16:07Z</subfield>
   </datafield>
   <datafield ind2=" " ind1=" " tag="260">
      <subfield code="c">2026-02-09</subfield>
   </datafield>
   <datafield ind2=" " ind1=" " tag="520">
      <subfield code="a">Psychosis; Psychological Interventions; Gender</subfield>
   </datafield>
   <datafield ind2=" " ind1=" " tag="520">
      <subfield code="a">Psicosi; Intervencions psicològiques; Gènere</subfield>
   </datafield>
   <datafield ind2=" " ind1=" " tag="520">
      <subfield code="a">Psicosis; Intervenciones psicológicas; Género</subfield>
   </datafield>
   <datafield ind2=" " ind1=" " tag="520">
      <subfield code="a">Purpose Neurocognitive impairments are a core feature of psychosis and impact long-term outcomes. While sex differencesin neurocognition have been observed in first-episode psychosis (FEP), findings remain mixed, and little is known about dif-ferential responses to metacognitive interventions. This study examined sex differences in the effectiveness of MetacognitiveTraining (MCT) on neurocognitive outcomes in FEP.Methods A total of 122 individuals with FEP were randomized to receive either MCT or psychoeducational intervention.Neurocognitive performance was assessed at baseline and at 6-month follow-up using a comprehensive battery (CPT-II,TMT, WCST, Stroop test, TAVEC, WAIS-III Digit Span). General Linear Models tested the effects of intervention, sex, andtheir interaction, both unadjusted and adjusted for covariates.Results MCT led to greater improvements than psychoeducation in immediate recall, processing speed, cognitive flexibil-ity, inhibitory control, and attention. Improvements in immediate recall and Stroop Interference remained significant afteradjustment, with Stroop performance also influenced by diagnosis. Across groups, men performed better in verbal memory,while women showed increased serial clustering in short-term recall, an effect that remained significant after adjustment.Notably, a group-by-sex interaction indicated that women receiving MCT experienced greater gains in short-term recall aftercontrolling for covariates.Conclusions MCT enhances specific neurocognitive functions in FEP and shows promising effects for women in verbalmemory processes. These findings underscore the importance of incorporating sex and diagnostic factors when tailoringearly interventions for psychosis and highlight the potential of MCT as a personalized cognitive strategy.</subfield>
   </datafield>
   <datafield ind2=" " ind1=" " tag="520">
      <subfield code="a">Objectiu Les deficiències neurocognitives són una característica central de la psicosi i impacten en els resultats a llarg termini. Tot i que s'han observat diferències de sexe en la neurocognició en la psicosi de primer episodi (PEP), els resultats continuen sent mixtos i se sap poc sobre les respostes diferencials a les intervencions metacognitives. Aquest estudi va examinar les diferències de sexe en l'efectivitat de l'entrenament metacognitiu (TCM) sobre els resultats neurocognitius en el PEP. Mètodes Un total de 122 individus amb PEP van ser assignats aleatòriament per rebre TCM o intervenció psicoeducativa. El rendiment neurocognitiu es va avaluar al començament de l'estudi i en el seguiment de 6 mesos mitjançant una bateria completa (CPT-II, TMT, WCST, prova de Stroop, TAVEC, WAIS-III Digit Span). Els models lineals generals van provar els efectes de la intervenció, el sexe i la seva interacció, tant no ajustats com ajustats per covariables. Resultats: El TCM va conduir a millores més grans que la psicoeducació en el record immediat, la velocitat de processament, la flexibilitat cognitiva, el control inhibitori i l'atenció. Les millores en el record immediat i la interferència de Stroop van continuar sent significatives després de l'ajustament, i el rendiment de Stroop també va ser influenciat pel diagnòstic. En tots els grups, els homes van obtenir un millor rendiment en la memòria verbal, mentre que les dones van mostrar una major agrupació seriada en el record a curt termini, un efecte que va continuar sent significatiu després de l'ajustament. Cal destacar que una interacció grup per sexe va indicar que les dones que rebien MCT van experimentar majors guanys en el record a curt termini després de controlar les covariables. Conclusions La MCT millora les funcions neurocognitives específiques en la FEP i mostra efectes prometedors per a les dones en els processos de memòria verbal. Aquestes troballes subratllen la importància d'incorporar factors sexuals i diagnòstics a l'hora d'adaptar les intervencions precoços per a la psicosi i destaquen el potencial de la MCT com a estratègia cognitiva personalitzada.</subfield>
   </datafield>
   <datafield ind2=" " ind1=" " tag="520">
      <subfield code="a">Finançament d'accés obert proporcionat gràcies a l'acord CRUE-CSIC amb Springer Nature.</subfield>
   </datafield>
   <datafield ind1="8" ind2=" " tag="024">
      <subfield code="a">https://hdl.handle.net/11351/14350</subfield>
   </datafield>
   <datafield tag="653" ind2=" " ind1=" ">
      <subfield code="a">Teràpia cognitiva</subfield>
   </datafield>
   <datafield tag="653" ind2=" " ind1=" ">
      <subfield code="a">Psicosi</subfield>
   </datafield>
   <datafield tag="653" ind2=" " ind1=" ">
      <subfield code="a">Adolescents i adults</subfield>
   </datafield>
   <datafield tag="653" ind2=" " ind1=" ">
      <subfield code="a">PSYCHIATRY AND PSYCHOLOGY::Behavioral Disciplines and Activities::Psychotherapy::Behavior Therapy::Cognitive Behavioral Therapy</subfield>
   </datafield>
   <datafield tag="653" ind2=" " ind1=" ">
      <subfield code="a">PSYCHIATRY AND PSYCHOLOGY::Mental Disorders::Schizophrenia Spectrum and Other Psychotic Disorders::Psychotic Disorders</subfield>
   </datafield>
   <datafield tag="653" ind2=" " ind1=" ">
      <subfield code="a">NAMED GROUPS::Persons::Age Groups::Adult::Young Adult</subfield>
   </datafield>
   <datafield tag="653" ind2=" " ind1=" ">
      <subfield code="a">PSIQUIATRÍA Y PSICOLOGÍA::disciplinas y actividades conductuales::psicoterapia::terapia conductista::terapia cognitivo-conductual</subfield>
   </datafield>
   <datafield tag="653" ind2=" " ind1=" ">
      <subfield code="a">PSIQUIATRÍA Y PSICOLOGÍA::trastornos mentales::espectro de la esquizofrenia y otros trastornos psicóticos::trastornos psicóticos</subfield>
   </datafield>
   <datafield tag="653" ind2=" " ind1=" ">
      <subfield code="a">DENOMINACIONES DE GRUPOS::personas::Grupos de Edad::adulto::adulto joven</subfield>
   </datafield>
   <datafield ind2="0" ind1="0" tag="245">
      <subfield code="a">Sex differences in neurocognitive response to metacognitive trainingin first-episode psychosis: Implications for personalized interventions</subfield>
   </datafield>
</record></metadata></record></GetRecord></OAI-PMH>